| 000 | 01751nas a2200325 i 4500 | ||
|---|---|---|---|
| 001 | 48787 | ||
| 003 | DR-UNIBE | ||
| 005 | 20260430142528.0 | ||
| 007 | ta | ||
| 008 | 260430e2012 dr mn|p|r||||||0| | spa d | ||
| 040 |
_aBIBLIOTECA UNIBE _cBIBLIOTECA UNIBE _bspa _dDO-SdBNP _erda |
||
| 041 | _aspa | ||
| 110 |
_aAsociación de Industrias de la República Dominicana _971546 |
||
| 245 |
_aHecho en RD / _cAsociación de Industrias de la República Dominicana. |
||
| 264 |
_aSanto Domingo, República Dominicana : _bAsociación de Industrias de la República Dominicana _c2012. |
||
| 300 |
_avolumen : _bilustraciones, fotografías, gráficas ; _c20 x 28 cm |
||
| 310 | _aMensual. | ||
| 336 |
_atexto _btxt _2rdacontent |
||
| 337 |
_asin mediación _bn _2rdamedia |
||
| 338 |
_avolumen _bnc _2rdacarrier |
||
| 362 | _aVolumen 2, Número 3 (abril 2012). | ||
| 500 | _aCatalogación basada en el: Volumen 2, Número 3 (abril 2012). | ||
| 500 | _aLa AIRD: es la organización empresarial más grande y representativa del sector industrial en la República Dominicana, que agrupa a más de 200 empresas y asociaciones regionales y sectoriales de la industria en todo el territorio nacional. | ||
| 520 | _aRevista líder que identifica al sector industrial dominicano, la cual analiza a profundidad los principales temas vinculados al sector industrial y a la economía nacional e internacional. | ||
| 650 |
_aProducción _vPublicaciones periódicas _zRepública Dominicana _934516 |
||
| 651 |
_aRepública Dominicana _xComercio exterior _vPublicaciones periódicas _922638 _zRepública Dominicana |
||
| 651 |
_aRepública Dominicana _xIndustrias _9185529 |
||
| 856 | _uhttps://aird.org.do/es/publicaciones/revista-hechoenrd/ | ||
| 942 |
_2ddc _cISSUE |
||
| 999 |
_c60638 _d60638 |
||